00381pab a2200121 454500008004000000100001500040245008600055260000900141300001100150362001400161650002800175773005600203180718b1983 xxu||||| |||| 00| 0 eng d aDube, M.P. aThe fundamental right to life and personal liberty and the death penalty in India c1983 a210-21 aJuly-Dec. aCivil Liberties - India aJournal of Constitutional and Parliamentary Studies